000 00453nam a2200133Ia 4500
005 20260209120134.0
008 260209s9999||||xx |||||||||||||| ||und||
100 _aManju Lata
245 0 _aImpact of cyber crime in Indian banking sector
260 _aBangaloreBangalore
_bNLSIU
_c2014
300 _a128 p. ; 25 cm.
700 _aProf. (Dr.) Nagarathana A - GuideProf. (Dr.) Nagarathana A - Guide
856 _uhttps://dans.nls.ac.in/handle/123456789/1781
999 _c217160
_d217160